00558nam a2200157Ia 4500100001900000942000700019654001200026245003600038260002700074082001800101300000800119546001200127999001700139952012200156952012200278 aGuillemin/E.A  cBK acircuit aMathematics of circuit analysis bOxfordaCalcuttac1967 a621.3192bGUI a590 aENGLISH c20574d20574 001040708CRCaCRCEbCRCEc1481 | 1967d2023-03-17g25.00l0o621.3192 GUIp1486r2023-03-17v25.00w2023-03-17yBK 001040708CRCaCRCEbCRCEc1481 | 1967d2023-03-17g25.00l0o621.3192 GUIp1487r2023-03-17v25.00w2023-03-17yBK